[Event "XI Paracin Festival 2018"]
[Site "Paracin"]
[Date "2018.07.10"]
[Round "6"]
[White "Gomes, Mary Ann"]
[Black "Stankovic, Milos"]
[Result "1/2-1/2"]
[WhiteElo "2284"]
[BlackElo "2420"]
[Annotator "NA"]
[PlyCount "125"]
[EventDate "2018.07.06"]
[EventType "swiss"]
[EventCountry "SRB"]
[SourceTitle "playchess.com"]
[Source "ChessBase"]
[SourceQuality "1"]
[TimeControl "5400+30"]

1. e4 {[%emt 0:00:00]} c5 {[%emt 0:01:57]} 2. Nf3 {[%emt 0:00:00]} d6 {[%emt 0:00:26]} 3. Bb5+ {[%emt 0:00:05]} Bd7 {[%emt 0:03:10]} 4. c4 {[%emt 0:00:13]} Nc6 {[%emt 0:00:54]} 5. Nc3 {[%emt 0:00:09]} Nf6 {[%emt 0:00:20]} 6. O-O {[%emt 0:00:15]} e6 {[%emt 0:03:31]} 7. Re1 {[%emt 0:00:07]} Be7 {[%emt 0:00:29]} 8. Bxc6 {[%emt 0:03:20]} Bxc6 {[%emt 0:01:03]} 9. d4 {[%emt 0:00:06]} cxd4 {[%emt 0:01:09]} 10. Nxd4 {[%emt 0:02:04]} Rc8 {[%emt 0:00:48]} 11. Nxc6 {[%emt 0:07:15]} Rxc6 {[%emt 0:00:20]} 12. b3 {[%emt 0:00:35]} O-O {[%emt 0:00:47]} 13. Bb2 {[%emt 0:00:12]} a6 {[%emt 0:00:40]} 14. Qd2 {[%emt 0:02:35]} Qa5 {[%emt 0:03:34]} 15. Rad1 {[%emt 0:01:02]} Qc5 {[%emt 0:01:59]} 16. h3 {[%emt 0:17:34]} Rfc8 {[%emt 0:04:48]} 17. Re3 {[%emt 0:17:23]} Nh5 {[%emt 0:06:26]} 18. Rd3 {[%emt 0:04:07]} h6 {[%emt 0:06:01]} 19. Nd5 {[%emt 0:12:42]} Bg5 {[%emt 0:02:54]} 20. Qe2 {[%emt 0:00:23]} exd5 {[%emt 0:05:10]} 21. Qxh5 {[%emt 0:00:28]} dxc4 {[%emt 0:00:33]} 22. bxc4 {[%emt 0:01:00]} Be7 {[%emt 0:10:33]} 23. Qxc5 {[%emt 0:10:59]} Rxc5 {[%emt 0:00:49]} 24. Ba3 {[%emt 0:00:05]} Rxc4 {[%emt 0:00:14]} 25. e5 {[%emt 0:00:08]} Bf8 {[%emt 0:02:19]} 26. exd6 {[%emt 0:01:50]} Rd8 {[%emt 0:00:26]} 27. Re1 {[%emt 0:03:51]} f6 {[%emt 0:02:07]} 28. d7 {[%emt 0:02:01]} Kf7 {[%emt 0:00:16]} 29. Bxf8 {[%emt 0:00:19]} Kxf8 {[%emt 0:00:07]} 30. Rd2 {[%emt 0:01:06]} Rc7 {[%emt 0:02:04]} 31. Red1 {[%emt 0:00:05]} Ke7 {[%emt 0:00:30]} 32. Re1+ {[%emt 0:00:11]} Kf7 {[%emt 0:00:07]} 33. Red1 {[%emt 0:00:04]} Rc6 {[%emt 0:01:51]} 34. f3 {[%emt 0:00:51]} Ke7 {[%emt 0:00:15]} 35. Re1+ {[%emt 0:00:49]} Re6 {[%emt 0:00:11]} 36. Red1 {[%emt 0:00:05]} b5 {[%emt 0:00:50]} 37. Kf2 {[%emt 0:00:05]} a5 {[%emt 0:01:18]} 38. Rd5 {[%emt 0:01:32]} Rb6 {[%emt 0:00:13]} 39. Re1+ {[%emt 0:02:16]} Kf7 {[%emt 0:00:10]} 40. Rb1 {[%emt 0:03:18]} b4 {[%emt 0:01:04]} 41. Rxa5 {[%emt 0:02:49]} Rxd7 {[%emt 0:00:03]} 42. Ra4 {[%emt 0:00:12]} Rd2+ {[%emt 0:01:13]} 43. Kg1 {[%emt 0:00:06]} Rc6 {[%emt 0:06:36]} 44. Rbxb4 {[%emt 0:00:26]} Rcc2 {[%emt 0:00:24]} 45. Ra7+ {[%emt 0:00:12]} Kg8 {[%emt 0:00:08]} 46. Rg4 {[%emt 0:00:11]} g5 {[%emt 0:00:09]} 47. Kh1 {[%emt 0:06:28]} Rxa2 {[%emt 0:02:17]} 48. Rxa2 {[%emt 0:00:05]} Rxa2 {[%emt 0:00:06]} 49. h4 {[%emt 0:00:13]} Kf7 {[%emt 0:00:38]} 50. hxg5 {[%emt 0:00:08]} hxg5 {[%emt 0:00:12]} 51. Kh2 {[%emt 0:00:21]} Kg6 {[%emt 0:00:07]} 52. Rb4 {[%emt 0:00:06]} f5 {[%emt 0:00:25]} 53. Rb6+ {[%emt 0:01:57]} Kh5 {[%emt 0:00:10]} 54. Rf6 {[%emt 0:00:16]} f4 {[%emt 0:00:15]} 55. Kh3 {[%emt 0:00:24]} Ra1 {[%emt 0:00:24]} 56. g4+ {[%emt 0:00:13]} fxg3 {[%emt 0:00:07]} 57. Kxg3 {[%emt 0:00:03]} Ra3 {[%emt 0:00:21]} 58. Rb6 {[%emt 0:00:16]} Rc3 {[%emt 0:00:09]} 59. Ra6 {[%emt 0:00:05]} Rb3 {[%emt 0:00:06]} 60. Rc6 {[%emt 0:00:06]} Ra3 {[%emt 0:00:05]} 61. Rb6 {[%emt 0:00:11]} Rc3 {[%emt 0:00:06]} 62. Ra6 {[%emt 0:00:05]} Rb3 {[%emt 0:00:07]} 63. Rc6 {[%emt 0:00:03]} 1/2-1/2

[Event "XI Paracin Festival 2018"]
[Site "Paracin"]
[Date "2018.07.10"]
[Round "6"]
[White "Colovic, Dusan"]
[Black "Radovanovic, Mihajlo"]
[Result "1/2-1/2"]
[WhiteElo "2279"]
[BlackElo "2402"]
[Annotator "NA"]
[PlyCount "113"]
[EventDate "2018.07.06"]
[EventType "swiss"]
[EventCountry "SRB"]
[SourceTitle "playchess.com"]
[Source "ChessBase"]
[SourceQuality "1"]
[TimeControl "5400+30"]

1. d4 {[%emt 0:00:00]} Nf6 {[%emt 0:00:00]} 2. Nc3 {[%emt 0:00:00]} d5 {[%emt 0:00:00]} 3. Bf4 {[%emt 0:00:00]} a6 {[%emt 0:00:16]} 4. e3 {[%emt 0:00:00]} b5 {[%emt 0:00:09]} 5. Nf3 {[%emt 0:02:45]} e6 {[%emt 0:00:11]} 6. a3 {[%emt 0:00:57]} Bb7 {[%emt 0:00:25]} 7. Ne5 {[%emt 0:00:55]} c5 {[%emt 0:00:57]} 8. g4 {[%emt 0:02:51]} Nfd7 {[%emt 0:03:29]} 9. Bg2 {[%emt 0:06:59]} Nxe5 {[%emt 0:05:28]} 10. Bxe5 {[%emt 0:03:17]} Nc6 {[%emt 0:00:22]} 11. Bg3 {[%emt 0:00:59]} cxd4 {[%emt 0:11:34]} 12. exd4 {[%emt 0:02:26]} b4 {[%emt 0:00:09]} 13. axb4 {[%emt 0:01:18]} Bxb4 {[%emt 0:00:09]} 14. O-O {[%emt 0:00:11]} Bxc3 {[%emt 0:03:30]} 15. bxc3 {[%emt 0:01:03]} O-O {[%emt 0:03:22]} 16. Qb1 {[%emt 0:08:34]} Ra7 {[%emt 0:04:29]} 17. Qa2 {[%emt 0:03:27]} a5 {[%emt 0:01:07]} 18. Rfb1 {[%emt 0:02:04]} Ba6 {[%emt 0:02:44]} 19. Qa4 {[%emt 0:00:55]} Qd7 {[%emt 0:00:59]} 20. Rb6 {[%emt 0:05:23]} Rc8 {[%emt 0:00:08]} 21. Rab1 {[%emt 0:00:14]} h6 {[%emt 0:00:41]} 22. Qa3 {[%emt 0:11:25]} Bc4 {[%emt 0:10:18]} 23. h3 {[%emt 0:01:43]} a4 {[%emt 0:00:48]} 24. Bd6 {[%emt 0:01:41]} Raa8 {[%emt 0:09:16]} 25. Bc5 {[%emt 0:13:49]} Qe8 {[%emt 0:01:17]} 26. Qc1 {[%emt 0:07:56]} Qd8 {[%emt 0:04:13]} 27. Ba3 {[%emt 0:00:23]} Rab8 {[%emt 0:02:05]} 28. Rb7 {[%emt 0:00:59]} Ba6 {[%emt 0:01:36]} 29. Rxb8 {[%emt 0:06:55]} Rxb8 {[%emt 0:00:10]} 30. Ra1 {[%emt 0:04:43]} Bc4 {[%emt 0:03:05]} 31. Qf4 {[%emt 0:01:42]} Rb7 {[%emt 0:02:17]} 32. Qe3 {[%emt 0:00:44]} Qb8 {[%emt 0:00:25]} 33. Qe1 {[%emt 0:00:37]} Bb5 {[%emt 0:03:11]} 34. Qc1 {[%emt 0:02:00]} Be2 {[%emt 0:01:51]} 35. Qe1 {[%emt 0:00:35]} Bc4 {[%emt 0:00:06]} 36. Qc1 {[%emt 0:00:07]} Bb5 {[%emt 0:06:58]} 37. Qe1 {[%emt 0:00:36]} Qf4 {[%emt 0:00:08]} 38. Bc1 {[%emt 0:00:10]} Qc7 {[%emt 0:00:06]} 39. Ba3 {[%emt 0:00:10]} Rb8 {[%emt 0:01:36]} 40. Bc5 {[%emt 0:02:09]} Ra8 {[%emt 0:01:51]} 41. Ba3 {[%emt 0:00:08]} Ne7 {[%emt 0:00:23]} 42. Bxe7 {[%emt 0:00:37]} Qxe7 {[%emt 0:00:06]} 43. Bxd5 {[%emt 0:00:10]} Ra7 {[%emt 0:00:03]} 44. Ba2 {[%emt 0:04:48]} Qc7 {[%emt 0:06:37]} 45. d5 {[%emt 0:00:33]} exd5 {[%emt 0:00:30]} 46. Bxd5 {[%emt 0:00:10]} Bc6 {[%emt 0:02:32]} 47. Bxc6 {[%emt 0:01:59]} Qxc6 {[%emt 0:00:04]} 48. Qe3 {[%emt 0:00:07]} Ra8 {[%emt 0:00:05]} 49. Qd4 {[%emt 0:01:07]} a3 {[%emt 0:03:22]} 50. c4 {[%emt 0:00:44]} a2 {[%emt 0:01:58]} 51. Qd5 {[%emt 0:00:28]} Qa4 {[%emt 0:01:03]} 52. c5 {[%emt 0:00:09]} Ra7 {[%emt 0:00:36]} 53. Qb3 {[%emt 0:00:07]} Qa5 {[%emt 0:01:38]} 54. c6 {[%emt 0:00:08]} Qe5 {[%emt 0:00:26]} 55. Rxa2 {[%emt 0:02:09]} Qe1+ {[%emt 0:00:08]} 56. Kg2 {[%emt 0:00:05]} Qe4+ {[%emt 0:00:05]} 57. Kg1 {[%emt 0:00:19]} 1/2-1/2

[Event "XI Paracin Festival 2018"]
[Site "Paracin"]
[Date "2018.07.10"]
[Round "6"]
[White "Bratkovic, Sham"]
[Black "Radovic, Luka"]
[Result "1/2-1/2"]
[WhiteElo "2190"]
[BlackElo "2344"]
[Annotator "NA"]
[PlyCount "66"]
[EventDate "2018.07.06"]
[EventType "swiss"]
[EventCountry "SRB"]
[SourceTitle "playchess.com"]
[Source "ChessBase"]
[SourceQuality "1"]
[TimeControl "5400+30"]

1. e4 {[%emt 0:00:00]} c5 {[%emt 0:00:20]} 2. Nf3 {[%emt 0:01:19]} d6 {[%emt 0:01:09]} 3. d4 {[%emt 0:00:29]} cxd4 {[%emt 0:00:25]} 4. Nxd4 {[%emt 0:00:07]} Nf6 {[%emt 0:00:07]} 5. Nc3 {[%emt 0:00:14]} a6 {[%emt 0:00:10]} 6. Be3 {[%emt 0:02:09]} e5 {[%emt 0:03:16]} 7. Nf3 {[%emt 0:00:49]} Be7 {[%emt 0:04:17]} 8. Bc4 {[%emt 0:04:31]} O-O {[%emt 0:02:41]} 9. O-O {[%emt 0:01:06]} Be6 {[%emt 0:06:08]} 10. Bb3 {[%emt 0:01:06]} Nc6 {[%emt 0:04:51]} 11. Qe2 {[%emt 0:01:50]} Rc8 {[%emt 0:11:35]} 12. Rfd1 {[%emt 0:05:24]} Qc7 {[%emt 0:11:23]} 13. Bg5 {[%emt 0:05:09]} Rfe8 {[%emt 0:10:10]} 14. Qd2 {[%emt 0:41:04]} Rcd8 {[%emt 0:08:06]} 15. Bxf6 {[%emt 0:05:22]} Bxf6 {[%emt 0:00:12]} 16. Nd5 {[%emt 0:00:52]} Bxd5 {[%emt 0:00:08]} 17. Qxd5 {[%emt 0:00:51]} Nd4 {[%emt 0:09:00]} 18. Ne1 {[%emt 0:03:44]} h5 {[%emt 0:08:54]} 19. g3 {[%emt 0:02:11]} g6 {[%emt 0:04:35]} 20. Kg2 {[%emt 0:02:55]} Kg7 {[%emt 0:00:42]} 21. h4 {[%emt 0:00:28]} Qd7 {[%emt 0:00:57]} 22. c3 {[%emt 0:02:22]} Ne6 {[%emt 0:00:36]} 23. Rd2 {[%emt 0:01:46]} Bxh4 {[%emt 0:01:06]} 24. Rad1 {[%emt 0:00:24]} Qe7 {[%emt 0:02:04]} 25. Nc2 {[%emt 0:03:01]} Bf6 {[%emt 0:01:28]} 26. Nb4 {[%emt 0:01:00]} Rh8 {[%emt 0:01:48]} 27. Qa5 {[%emt 0:01:53]} Bg5 {[%emt 0:02:06]} 28. Rd3 {[%emt 0:01:58]} h4 {[%emt 0:00:37]} 29. Rxd6 {[%emt 0:03:03]} Nf4+ {[%emt 0:03:15]} 30. gxf4 {[%emt 0:00:14]} Rxd6 {[%emt 0:00:10]} 31. Rxd6 {[%emt 0:00:40]} Qxd6 {[%emt 0:00:11]} 32. fxg5 {[%emt 0:00:16]} Qe7 {[%emt 0:01:24]} 33. Nd3 {[%emt 0:03:07]} Qxg5+ {[%emt 0:00:07]} 1/2-1/2

[Event "XI Paracin Festival 2018"]
[Site "Paracin"]
[Date "2018.07.10"]
[Round "6"]
[White "Uuriintuya, Uurtsaikh"]
[Black "Sylvan, Jacob"]
[Result "1-0"]
[WhiteElo "2158"]
[BlackElo "2332"]
[Annotator "NA"]
[PlyCount "99"]
[EventDate "2018.07.06"]
[EventType "swiss"]
[EventCountry "SRB"]
[SourceTitle "playchess.com"]
[Source "ChessBase"]
[SourceQuality "1"]
[TimeControl "5400+30"]

1. e4 c5 2. Nf3 e6 3. d4 cxd4 4. Nxd4 Nc6 5. Nc3 Qc7 6. Be3 a6 7. Be2 Nf6 8. O-O Be7 9. f4 d6 10. a4 O-O 11. Kh1 Bd7 12. Nb3 b6 13. Bf3 Bc8 14. g4 Bb7 15. g5 Nd7 16. Bg2 Rfe8 17. Rf3 Nb4 18. Rh3 g6 19. Qd2 Nc5 20. Qf2 Nxb3 21. Bxb6 Qc8 22. cxb3 d5 23. Bd4 h5 24. gxh6 Kh7 25. f5 exf5 26. exf5 Rf8 27. Rf3 g5 28. f6 Bd6 29. Re1 g4 30. Rfe3 Nc6 31. Re7 Rb8 32. Nxd5 g3 33. Qc2+ Kh8 34. Bc3 Qg4 35. h3 Qh5 36. Qe2 Qxh6 37. Qc4 Rg8 38. Rxf7 Bc8 39. Qe4 Bxh3 40. Rh7+ Qxh7 41. f7+ Rg7 42. Bxg7+ Kxg7 43. Qxh7+ Kxh7 44. Bxh3 Kg7 45. Re6 Rd8 46. Ne3 Nd4 47. Re4 Nc6 48. Re6 Nd4 49. Re8 Rb8 50. f8=Q+ 1-0

[Event "XI Paracin Festival 2018"]
[Site "Paracin"]
[Date "2018.07.10"]
[Round "6"]
[White "Tugstumur, Yesuntumur"]
[Black "Damljanovic, Branko"]
[Result "1/2-1/2"]
[WhiteElo "2116"]
[BlackElo "2508"]
[Annotator "ChessBase"]
[PlyCount "70"]
[EventDate "2018.07.06"]
[EventType "swiss"]
[EventCountry "SRB"]
[SourceTitle "playchess.com"]
[Source "ChessBase"]
[SourceQuality "1"]
[TimeControl "5400+30"]

1. d4 {[%emt 0:00:00]} Nf6 {[%emt 0:00:00]} 2. c4 {[%emt 0:00:00]} d6 {[%emt 0:00:05]} 3. Nc3 {[%emt 0:01:04]} Bf5 {[%emt 0:00:09]} 4. g3 {[%emt 0:02:18]} e5 {[%emt 0:02:05]} 5. dxe5 {[%emt 0:03:45]} dxe5 {[%emt 0:00:03]} 6. Qxd8+ {[%emt 0:00:12]} Kxd8 {[%emt 0:00:01]} 7. Bg5 {[%emt 0:00:13]} Nbd7 {[%emt 0:03:29]} 8. O-O-O {[%emt 0:00:47]} Be7 {[%emt 0:06:09]} 9. Nf3 {[%emt 0:05:27]} Kc8 {[%emt 0:04:39]} 10. e4 {[%emt 0:10:08]} Be6 {[%emt 0:01:22]} 11. Bxf6 {[%emt 0:02:36]} gxf6 {[%emt 0:01:30]} 12. h4 {[%emt 0:02:07]} Bc5 {[%emt 0:04:24]} 13. Rd2 {[%emt 0:01:36]} Bb4 {[%emt 0:01:00]} 14. Rc2 {[%emt 0:01:13]} a5 {[%emt 0:01:01]} 15. Nd5 {[%emt 0:09:09]} c6 {[%emt 0:09:02]} 16. Bg2 {[%emt 0:08:11]} Bc5 {[%emt 0:04:43]} 17. Nh2 {[%emt 0:07:39]} a4 {[%emt 0:03:27]} 18. Re1 {[%emt 0:03:32]} h5 {[%emt 0:14:11]} 19. Kb1 {[%emt 0:03:56]} Ra5 {[%emt 0:02:28]} 20. Ne3 {[%emt 0:06:32]} Nb6 {[%emt 0:00:45]} 21. Nd5 {[%emt 0:02:00]} Nd7 {[%emt 0:03:37]} 22. Nf1 {[%emt 0:01:35]} b5 {[%emt 0:06:19]} 23. a3 {[%emt 0:05:22]} bxc4 {[%emt 0:02:21]} 24. Nde3 {[%emt 0:00:13]} Nb6 {[%emt 0:00:25]} 25. Nd2 {[%emt 0:01:28]} Bxe3 {[%emt 0:04:30]} 26. Rxe3 {[%emt 0:00:07]} Rc5 {[%emt 0:00:14]} 27. Bf1 {[%emt 0:01:12]} f5 {[%emt 0:04:23]} 28. Bh3 {[%emt 0:01:33]} f4 {[%emt 0:01:32]} 29. Bxe6+ {[%emt 0:00:06]} fxe6 {[%emt 0:00:01]} 30. Rec3 {[%emt 0:00:12]} Rd8 {[%emt 0:16:17]} 31. Kc1 {[%emt 0:02:54]} Rd4 {[%emt 0:00:49]} 32. Rf3 {[%emt 0:00:25]} Nd7 {[%emt 0:00:20]} 33. Rfc3 {[%emt 0:01:51]} Nb6 {[%emt 0:02:46]} 34. Rf3 {[%emt 0:00:07]} Nd7 {[%emt 0:01:02]} 35. Rfc3 {[%emt 0:00:05]} Nb6 {[%emt 0:00:16]} 1/2-1/2

[Event "XI Paracin Festival 2018"]
[Site "Paracin"]
[Date "2018.07.11"]
[Round "7"]
[White "Georgiev, Kiril"]
[Black "Harvey, Marcus R"]
[Result "1-0"]
[WhiteElo "2596"]
[BlackElo "2362"]
[Annotator "TA"]
[PlyCount "89"]
[EventDate "2018.07.06"]
[EventType "swiss"]
[EventCountry "SRB"]
[SourceTitle "playchess.com"]
[Source "ChessBase"]
[SourceQuality "1"]

{[%evp 19,88,63,61,36,39,37,68,66,75,76,83,71,86,61,82,78,81,78,77,76,82,68,81,69,74,25,33,32,31,36,38,0,0,0,8,6,54,10,58,55,150,151,138,140,212,209,197,197,180,200,178,170,291,288,325,325,306,299,273,259,255,203,166,151,485,484,1125,1060,29993,5146,29999]} 1. d4 Nf6 2. Nf3 e6 3. c4 b6 4. g3 Bb7 5. Bg2 Be7 6. O-O O-O 7. Re1 d6 8. d5 e5 9. Nc3 Nbd7 10. e4 a5 {LiveBook: 5 Partien. E17: Damenindisch (Hauptfortsetzung)} (10... Re8 11. Rb1 c6 12. b4 a5 13. dxc6 Bxc6 14. a3 axb4 15. axb4 Qb8 16. Qd3 Nf8 17. Bb2 Ne6 18. Nd2 {½-½ (49) Levin,E (2515)-Rodin,D (2360) Voronezh 2015}) 11. Rb1 Nc5 12. b3 {[%cal Bb2b3,Bb3b4][%mdl 32]} Re8 $146 {Weiß steht etwas besser.} ({Vorgänger:} 12... Bc8 13. Qc2 Ne8 14. a3 f5 15. Nd2 Bg5 16. b4 axb4 17. axb4 Bxd2 18. Bxd2 Nxe4 19. Nxe4 fxe4 20. Bxe4 {0-1 (31) Schmid,R (2254)-Hiermann,D (2268) Bayern 2016}) 13. a3 g6 14. b4 Ncd7 15. Qc2 Bf8 16. h3 Nh5 17. Be3 Qe7 18. Na4 axb4 19. axb4 Reb8 20. Rec1 Bc8 21. Nd2 Ng7 22. c5 bxc5 23. bxc5 Rxb1 24. Rxb1 dxc5 25. Rb5 {[%cal Ra4c5]} Ba6 26. Rb1 Qd6 27. Nb3 {[%cal Ra4c5]} c4 28. Nd2 Qa3 29. Bf1 $1 {[%cal Bg2f1,Bf1c4,Bc4b5][%mdl 32]} Bb4 (29... Nf6 $14) 30. Nxc4 $16 Bxc4 31. Bxc4 {[#] zielt auf Lb5 ab.} Qxa4 (31... Rxa4 $16 32. Bb5 Ra8) 32. Qxa4 $18 Rxa4 33. Bb5 Ra8 {[#]} 34. Bc6 $1 Rd8 {...Le7 ist eine echte Drohung.} 35. Rxb4 {Schwarz muss nun Lxd7 beachten.} f6 (35... Nb8 {ist eine bessere Verteidigung.}) 36. Rb7 Ne8 37. d6 Nxd6 38. Rxc7 Nb8 39. Bd5+ Kh8 40. Bh6 {[%csl Gc7][%cal Rh6g7]} Rd7 41. Rc1 {Droht Lf8 und aus.} g5 $2 (41... Rd8 $16 {leistet mehr Widerstand.} 42. f3 Nb5) 42. Bf8 Nb7 (42... Nf7 $142 43. Rc8 Rd8) 43. Rc8 {Droht Matt per Le7+.} Na6 44. Bxb7 (44. Be7+ $142 Kg7 45. Rg8+ Kh6 46. Bxf6 Rg7 47. Bxg7+ Kg6 48. Bxe5+ Kh5 49. Bf7+ Kh6 50. Bg7#) 44... Rxb7 45. Bh6# {Precision: Weiß = 55%, Schwarz = 34%.} 1-0

[Event "XI Paracin Festival 2018"]
[Site "Paracin"]
[Date "2018.07.11"]
[Round "7"]
[White "Savic, Miodrag R"]
[Black "Gukesh D"]
[Result "1/2-1/2"]
[WhiteElo "2541"]
[BlackElo "2433"]
[Annotator "TA"]
[PlyCount "120"]
[EventDate "2018.07.06"]
[EventType "swiss"]
[EventCountry "SRB"]
[SourceTitle "playchess.com"]
[Source "ChessBase"]
[SourceQuality "1"]

{[%evp 9,120,32,38,0,0,-4,0,-4,-4,-15,-4,-4,-11,-20,0,-12,-10,-24,0,0,0,-6,12,-9,45,45,45,45,45,39,39,15,33,25,29,24,29,17,24,24,31,15,5,6,9,2,27,29,29,22,50,27,53,6,34,33,47,38,40,41,68,71,65,60,68,50,66,0,0,0,0,0,0,0,46,26,29,13,62,61,78,0,52,14,27,27,69,0,0,0,83,0,0,0,70,0,0,0,0,0,0,0,0,0,0,0,0,0,0,0,0,0,0]} 1. e4 c6 2. d3 d5 3. Nd2 Nf6 4. Ngf3 dxe4 5. dxe4 Bg4 {LiveBook: 6 Partien} 6. Bc4 {B10: Caro-Kann-Verteidigung} e6 7. O-O Nbd7 8. h3 Bh5 9. Qe1 Bc5 10. a3 a5 11. b3 O-O 12. Bb2 Qc7 13. Bd3 e5 {[#]} 14. Nh4 $146 Rfe8 15. Ndf3 Bd6 16. Qe3 Bg6 (16... Rad8 $11) 17. Nxg6 $14 hxg6 18. Ng5 Nh7 19. Nxh7 Kxh7 20. Rad1 Bc5 21. Qf3 Nf6 22. a4 Rab8 23. Ra1 Bd4 24. c3 Bc5 25. Rfd1 b5 26. axb5 cxb5 27. g3 Re6 {Schwarz will ...Sh5 spielen.} 28. Qe2 Qb6 29. Kg2 Nh5 30. Rf1 Rd6 31. Bc2 Re8 32. Rad1 b4 33. Rxd6 Bxd6 34. cxb4 Bxb4 35. Bd3 Nf6 36. Bc4 Re7 37. Rd1 Qc6 38. Bd5 (38. f3 $14) 38... Nxd5 $11 39. Rxd5 Rd7 40. Qd3 (40. Rxd7 {keeps more tension.} Qxd7 41. Qc4 f6 42. h4 Qd1 43. Bc1) 40... Rxd5 41. exd5 Qd6 42. Qc4 f6 43. Bc1 Kg8 44. Be3 Kf7 45. f4 (45. h4 $16) 45... Ke8 (45... exf4 $11 46. Bxf4 Qc5 47. Qxc5 Bxc5) 46. Kf3 exf4 47. Bxf4 Qd7 48. h4 (48. Qc6 $14) 48... Kf8 49. g4 Ke7 (49... f5 $11 {bleibt in der Remisbreite.}) 50. Qe4+ ({Besser ist} 50. Qc6 $16) 50... Kf7 51. Qc4 (51. Bg3 $11) 51... Ke7 $14 52. Be3 ({Lieber} 52. Qc7 $14) 52... Qd6 $11 {Die Stellung ist ausgeglichen.} 53. Qe4+ Kf7 54. h5 gxh5 55. gxh5 Qh2 56. Qe6+ Kf8 57. h6 Qh1+ 58. Ke2 {[#] zielt auf Dc8+ ab.} Qe1+ 59. Kf3 {Droht stark Lc5+!} Qh1+ 60. Ke2 {Dc8+ ist eine echte Drohung.} Qe1+ {Precision: Weiß = 41%, Schwarz = 52%.} 1/2-1/2

[Event "XI Paracin Festival 2018"]
[Site "Paracin"]
[Date "2018.07.11"]
[Round "7"]
[White "Kadric, Denis"]
[Black "Lorparizangeneh, Shahin"]
[Result "1/2-1/2"]
[WhiteElo "2522"]
[BlackElo "2493"]
[Annotator "TA"]
[PlyCount "41"]
[EventDate "2018.07.06"]
[EventType "swiss"]
[EventCountry "SRB"]
[SourceTitle "playchess.com"]
[Source "ChessBase"]
[SourceQuality "1"]

{[%evp 9,41,-9,15,-14,-13,-20,22,29,22,12,9,0,27,-7,-10,-6,-12,-7,0,-20,-11,-14,-8,-10,-7,-19,-10,-20,-5,-5,-1,-7,0,-20]} 1. e4 c6 {[%cal Bc7c6,Bc6c5][%mdl 32]} 2. d4 d5 3. e5 c5 4. Ne2 Nc6 5. c3 h5 (5... Bg4 6. h3 Bxe2 7. Bxe2 e6 8. O-O Qb6 9. dxc5 Bxc5 10. b4 Be7 11. Be3 Qc7 12. f4 Nh6 13. Na3 {½-½ (44) Vachier Lagrave,M (2795)-Anand,V (2786) Stavanger 2017}) 6. Be3 $146 {B12: Caro-Kann: Advance Variation} ({Predecessor:} 6. dxc5 Nxe5 7. Nd4 e6 8. b4 Bd7 9. Bf4 Ng6 10. Be3 Nf6 11. Be2 e5 12. Nf3 b6 13. cxb6 axb6 {0-1 (25) Abergel,T (2459)-Nabaty,T (2658) Israel 2018}) 6... Nh6 7. f4 cxd4 8. Nxd4 Nf5 9. Bf2 Nfxd4 10. cxd4 Bg4 11. Be2 (11. Qb3 {seems wilder.} g6 12. Nc3 Bh6 13. h3 Be6 14. Qxb7 Bd7 15. Bb5) 11... Bxe2 {The position is equal.} 12. Qxe2 e6 13. O-O g6 14. a3 Rc8 15. Nc3 Qb6 16. Rac1 Qb3 ({Weaker is} 16... Nxd4 17. Qd3 $16) 17. Nb1 a6 18. Rc3 Qb5 19. Qc2 Be7 20. Rc1 O-O 21. Qd2 {Precision: White = 53%, Black = 67%.} 1/2-1/2

[Event "XI Paracin Festival 2018"]
[Site "Paracin"]
[Date "2018.07.11"]
[Round "7"]
[White "Damljanovic, Branko"]
[Black "Avalyan, Artur"]
[Result "0-1"]
[WhiteElo "2508"]
[BlackElo "2315"]
[Annotator "ChessBase"]
[PlyCount "70"]
[EventDate "2018.07.06"]
[EventType "swiss"]
[EventCountry "SRB"]
[SourceTitle "playchess.com"]
[Source "ChessBase"]
[SourceQuality "1"]
[TimeControl "5400+30"]

1. c4 {[%emt 0:01:49]} e6 {[%emt 0:00:00]} 2. Nf3 {[%emt 0:00:11]} d5 {[%emt 0:00:05]} 3. g3 {[%emt 0:00:45]} Nf6 {[%emt 0:00:13]} 4. Bg2 {[%emt 0:00:01]} dxc4 {[%emt 0:00:22]} 5. Qa4+ {[%emt 0:00:30]} Bd7 {[%emt 0:00:29]} 6. Qxc4 {[%emt 0:00:02]} c5 {[%emt 0:00:44]} 7. O-O {[%emt 0:00:35]} Bc6 {[%emt 0:03:23]} 8. Nc3 {[%emt 0:03:06]} Nbd7 {[%emt 0:00:42]} 9. e4 {[%emt 0:05:03]} Be7 {[%emt 0:11:51]} 10. Qe2 {[%emt 0:01:16]} b5 {[%emt 0:19:04]} 11. d4 {[%emt 0:12:47]} b4 {[%emt 0:01:25]} 12. d5 {[%emt 0:00:03]} Bb7 {[%emt 0:02:42]} 13. dxe6 {[%emt 0:00:55]} fxe6 {[%emt 0:00:05]} 14. e5 {[%emt 0:04:04]} Nd5 {[%emt 0:02:11]} 15. Nxd5 {[%emt 0:03:32]} Bxd5 {[%emt 0:03:08]} 16. Rd1 {[%emt 0:00:37]} O-O {[%emt 0:03:05]} 17. b3 {[%emt 0:01:19]} Qc7 {[%emt 0:04:18]} 18. Bf4 {[%emt 0:09:44]} Qb7 {[%emt 0:00:18]} 19. Ne1 {[%emt 0:04:05]} g6 {[%emt 0:11:55]} 20. Rxd5 {[%emt 0:08:10]} exd5 {[%emt 0:00:22]} 21. Nc2 {[%emt 0:02:27]} Nb6 {[%emt 0:05:50]} 22. Ne3 {[%emt 0:02:30]} Rad8 {[%emt 0:00:25]} 23. Rd1 {[%emt 0:01:40]} Qc6 {[%emt 0:02:07]} 24. Qa6 {[%emt 0:06:39]} Kg7 {[%emt 0:08:32]} 25. Nxd5 {[%emt 0:18:19]} Qe6 {[%emt 0:11:25]} 26. Rd2 {[%emt 0:04:32]} g5 {[%emt 0:03:08]} 27. Nxe7 {[%emt 0:04:05]} gxf4 {[%emt 0:00:52]} 28. Qxa7 {[%emt 0:00:33]} Rd7 {[%emt 0:00:49]} 29. Rxd7 {[%emt 0:00:14]} Nxd7 {[%emt 0:00:07]} 30. Nd5 {[%emt 0:04:24]} f3 {[%emt 0:00:25]} 31. Nf6 {[%emt 0:00:06]} Rf7 {[%emt 0:00:23]} 32. Qa8 {[%emt 0:00:02]} Nxe5 {[%emt 0:02:47]} 33. Nh5+ {[%emt 0:01:26]} Kh6 {[%emt 0:00:03]} 34. Nf4 {[%emt 0:00:01]} Rxf4 {[%emt 0:00:36]} 35. gxf4 {[%emt 0:01:18]} Qg6 {[%emt 0:00:03]} 0-1